La reforma agraria en el Peru : volumen 1.

Saved in:
Bibliographic Details
Main Author: Dongo Denegri, Luis Alberto
Format: Book
Language:English
Published: Arequipa, Peru , 1965.
Subjects:
LEADER 00765nam a2200217 i 4500
001 c000025850
003 CARM
005 00000000000000.0
008 840917s1965 xx 0 eng d
019 1 |a 9248234  |5 LACONCORD2021 
035 |a (OCoLC)221292479  |5 LACONCORD2021 
100 2 |a Dongo Denegri, Luis Alberto. 
245 1 0 |a La reforma agraria en el Peru :  |b volumen 1. 
260 |a Arequipa, Peru ,  |c 1965. 
300 |a 504 p. 
500 |a No more published. 
610 1 0 |a Peru .  |b Laws, etc. 
650 0 |a Land tenure  |z Peru. 
852 8 |b CARM  |h A2:AF18F0  |i C01328  |p 0073468  |f BK 
999 f f |i 1e7f726b-2d37-59c3-9533-f030098b912e  |s 3b336372-6e3a-546f-8d33-87de2dcd4209 
952 f f |p Can circulate  |a CAVAL  |b CAVAL  |c CAVAL  |d CARM 1 Store  |e C01328  |f A2:AF18F0  |h Other scheme  |i book  |m 0073468